000 00439nam a22001217a 4500
999 _c10211
_d10211
003 OSt
008 201218b ||||| |||| 00| 0 eng d
245 _aIEEMA Journal
250 _a2015(Jan Vol.6 No.5, Feb Vol.6 No.6, Mar Vol.6 No.7, Apr Vol.6 No.8, May Vol.6 No.9, Jun Vol.6 No.10)
260 _aMumbai
_bIndian Electrical and Electronics Manufacturers Association
650 _aElectronics and Communication Engineering
942 _2ddc
_cBV